[Event "W-ch Disabled"]
[Site "Dresden"]
[Date "2015.10.21"]
[Round "4"]
[White "Mikhalionak, Alena"]
[Black "Strekalovski, Viktor"]
[Result "1/2-1/2"]
[WhiteElo "1617"]
[BlackElo "1939"]
[PlyCount "70"]
[EventDate "2015.10.18"]
[EventType "swiss"]
[EventRounds "7"]
[EventCountry "GER"]
[SourceTitle "CBM 168 Extra"]
[Source "ChessBase"]
[SourceDate "2015.10.29"]
[SourceVersion "1"]
[SourceVersionDate "2015.10.29"]
[SourceQuality "1"]

1. d4 c6 2. c4 Qc7 3. Nc3 d6 4. Nf3 Bg4 5. e4 Nd7 6. Be2 a6 7. Be3 e6 8. 0-0 Be7 9. Rc1 Ngf6 10. a3 Bh5 11. b4 Bg6 12. Nd2 e5 13. f4 exf4 14. Bxf4 a5 15. c5 0-0 16. Kh1 Rfe8 17. cxd6 Bxd6 18. Nb5 Bxf4 19. Nxc7 Bxc7 20. e5 Nd5 21. Qb3 axb4 22. axb4 Bd8 23. Bc4 Bg5 24. Bxd5 cxd5 25. Rc7 Nf8 26. Nf3 Be7 27. Rxb7 Ne6 28. Qxd5 Nf4 29. Qb3 Rad8 30. Rc1 Be4 31. Rbc7 g5 32. h3 Ne6 33. Ra7 h6 34. Qe3 Bg6 35. b5 Nf4 1/2-1/2

[Event "RUS IPCA-ch"]
[Site "Nalchik"]
[Date "2014.05.03"]
[Round "3"]
[White "Strekalovski, Viktor"]
[Black "Tsapalin, Sergey"]
[Result "0-1"]
[WhiteElo "2099"]
[BlackElo "1940"]
[PlyCount "44"]
[EventDate "2014.05.01"]
[EventType "swiss"]
[EventRounds "9"]
[EventCountry "RUS"]
[SourceTitle "CBM 160 Extra"]
[Source "ChessBase"]
[SourceDate "2014.07.01"]
[SourceVersion "1"]
[SourceVersionDate "2014.07.01"]
[SourceQuality "1"]

1. e4 c5 2. a3 Nc6 3. b4 e5 4. b5 Nd4 5. c3 Ne6 6. Nf3 Bd6 7. d4 cxd4 8. cxd4 exd4 9. Nbd2 b6 10. Nc4 Bc5 11. Bd3 Bb7 12. 0-0 d6 13. Re1 Ne7 14. Ng5 Nxg5 15. Bxg5 f6 16. Bd2 0-0 17. Qg4 Ng6 18. f4 Bc8 19. Qg3 f5 20. e5 dxe5 21. fxe5 Be6 22. Nd6 Qd7 0-1

[Event "RUS IPCA-ch"]
[Site "Nalchik"]
[Date "2014.05.02"]
[Round "2"]
[White "Marievsky, Maxim"]
[Black "Strekalovski, Viktor"]
[Result "1/2-1/2"]
[WhiteElo "1971"]
[BlackElo "2099"]
[PlyCount "36"]
[EventDate "2014.05.01"]
[EventType "swiss"]
[EventRounds "9"]
[EventCountry "RUS"]
[SourceTitle "CBM 160 Extra"]
[Source "ChessBase"]
[SourceDate "2014.07.01"]
[SourceVersion "1"]
[SourceVersionDate "2014.07.01"]
[SourceQuality "1"]

1. e4 c6 2. d4 d6 3. f4 g6 4. c3 Bg7 5. Nf3 Bg4 6. Be2 Nd7 7. e5 Nb6 8. h3 Bxf3 9. Bxf3 e6 10. g3 Ne7 11. Be3 g5 12. Qe2 Nf5 13. Bf2 gxf4 14. gxf4 Bh6 15. Bg4 Nh4 16. Bg3 Nd5 17. Rf1 Nf5 18. Bxf5 exf5 1/2-1/2

[Event "W-ch Disabled"]
[Site "Dresden"]
[Date "2013.10.26"]
[Round "5"]
[White "Strekalovski, Viktor"]
[Black "Krylov, Sergey"]
[Result "0-1"]
[WhiteElo "2096"]
[BlackElo "2297"]
[PlyCount "96"]
[EventDate "2013.10.22"]
[EventType "swiss"]
[EventRounds "7"]
[EventCountry "GER"]
[SourceTitle "CBM 157 Extra"]
[Source "ChessBase"]
[SourceDate "2013.12.19"]
[SourceVersion "1"]
[SourceVersionDate "2013.12.19"]
[SourceQuality "1"]

1. e4 c5 2. Nf3 e6 3. Nc3 a6 4. a4 Nc6 5. d4 cxd4 6. Nxd4 Qc7 7. Nb3 Nf6 8. Qf3 b6 9. Bf4 d6 10. Be2 Bb7 11. g4 Nd7 12. Rg1 Be7 13. g5 Nde5 14. Qg3 Nb4 15. Bd1 Nc4 16. Bc1 Rc8 17. Nd2 Na5 18. Qh3 g6 19. Rg4 Nac6 20. Nf3 e5 21. Be3 Na5 22. Rh4 Nc4 23. Bc1 Qd7 24. Qxd7+ Kxd7 25. b3 Na5 26. Bb2 h5 27. Rh3 Rc7 28. Rg3 h4 29. Rh3 Ke6 30. Kd2 f5 31. gxf6 Bxf6 32. Ng1 Bc8 33. Bg4+ Ke7 34. Bxc8 Rhxc8 35. Nf3 g5 36. Rg1 Nac6 37. Nd5+ Nxd5 38. exd5 Nd4 39. c3 Nxb3+ 40. Ke2 Nd4+ 41. Ke3 Nxf3 42. Rxf3 Rc4 43. Kd2 R8c5 44. Rd3 Rxa4 45. Kc2 e4 46. Re1 Kd7 47. Rde3 Be5 48. h3 Bf4 0-1

[Event "W-ch Disabled"]
[Site "Dresden"]
[Date "2013.10.24"]
[Round "3"]
[White "Strekalovski, Viktor"]
[Black "Badano, Giancarlo"]
[Result "1-0"]
[WhiteElo "2096"]
[BlackElo "1920"]
[PlyCount "135"]
[EventDate "2013.10.22"]
[EventType "swiss"]
[EventRounds "7"]
[EventCountry "GER"]
[SourceTitle "CBM 157 Extra"]
[Source "ChessBase"]
[SourceDate "2013.12.19"]
[SourceVersion "1"]
[SourceVersionDate "2013.12.19"]
[SourceQuality "1"]

1. b3 Nf6 2. Bb2 e6 3. e3 g6 4. g4 Bg7 5. Be2 0-0 6. h4 Ne4 7. Bxg7 Kxg7 8. Nf3 h6 9. Nc3 Nxc3 10. dxc3 d6 11. Qd2 e5 12. g5 h5 13. 0-0-0 Nc6 14. Rhg1 Bf5 15. Nh2 Qe7 16. Nf1 Rad8 17. Ng3 Rh8 18. Nxf5+ gxf5 19. Qd5 Kg6 20. Bb5 Qd7 21. f4 a6 22. Be2 e4 23. a4 Qe6 24. Bc4 Qxd5 25. Bxd5 Rb8 26. b4 Rhd8 27. Bb3 b6 28. Rd2 Re8 29. Rgd1 Red8 30. Kb2 Kg7 31. Ka3 Kg6 32. Rd5 Ne7 33. R5d4 Kg7 34. c4 Nc6 35. Rd5 Ne7 36. R5d2 a5 37. bxa5 bxa5 38. c5 Nc8 39. cxd6 Nxd6 40. Rd5 Ra8 41. R1d4 Kg6 42. Rc5 Ra7 43. Rdd5 Rda8 44. Re5 Kg7 45. Re7 Rc8 46. Rd7 Rb8 47. Rcxc7 Rxc7 48. Rxc7 Rc8 49. Ra7 Rc5 50. Rd7 Nc4+ 51. Ka2 Kg6 52. c3 Rc6 53. Bxc4 Rxc4 54. Rd6+ Kg7 55. Kb3 Rc5 56. c4 Rc8 57. Rd5 Rb8+ 58. Kc3 Rb1 59. Rxf5 Rh1 60. Rxa5 Rxh4 61. Kd4 Rg4 62. Rb5 h4 63. Rb2 f5 64. Ke5 h3 65. Rb7+ Kg8 66. Rb1 Rg3 67. Kxf5 Rxe3 68. Kf6 1-0

[Event "IPCA Wch-A 13th"]
[Site "Velke Losiny"]
[Date "2013.06.24"]
[Round "8"]
[White "Strekalovski, Viktor"]
[Black "Jennitha, Anto K"]
[Result "1-0"]
[WhiteElo "2106"]
[BlackElo "1945"]
[PlyCount "79"]
[EventDate "2013.06.18"]
[EventType "swiss"]
[EventRounds "9"]
[EventCountry "CZE"]
[SourceTitle "CBM 155 Extra"]
[Source "ChessBase"]
[SourceDate "2013.08.26"]
[SourceVersion "1"]
[SourceVersionDate "2013.08.26"]
[SourceQuality "1"]

1. Nf3 Nf6 2. b3 d5 3. Bb2 g6 4. e3 Bg7 5. Be2 0-0 6. 0-0 Nbd7 7. d3 b6 8. Nbd2 Bb7 9. Ne5 Nxe5 10. Bxe5 e6 11. f4 Ne8 12. Bxg7 Nxg7 13. Qe1 Qe7 14. Nf3 c5 15. g4 h6 16. Qg3 Kh7 17. Qh3 Rh8 18. d4 Rac8 19. Rf2 Kg8 20. c3 h5 21. Bd3 hxg4 22. Qxg4 Nf5 23. Re1 Kg7 24. Bxf5 exf5 25. Qg3 Rh6 26. Rg2 Rch8 27. h4 Kf8 28. Kf2 Ke8 29. Rh2 Kd8 30. dxc5 bxc5 31. c4 dxc4 32. Ne5 Kc8 33. Nxc4 Rxh4 34. Rxh4 Rxh4 35. Rd1 Kc7 36. Ne5 Bc6 37. Rc1 Rh1 38. Nxc6 Qe4 39. Rxh1 Qxh1 40. Ne5 1-0

[Event "IPCA Wch 12th"]
[Site "Split"]
[Date "2012.06.19"]
[Round "2"]
[White "Marievsky, Maxim"]
[Black "Strekalovski, Viktor"]
[Result "0-1"]
[WhiteElo "1995"]
[BlackElo "2142"]
[PlyCount "92"]
[EventDate "2012.06.18"]
[EventType "swiss"]
[EventRounds "9"]
[EventCountry "CRO"]
[SourceTitle "CBM 149 Extra"]
[Source "ChessBase"]
[SourceDate "2012.08.24"]
[SourceVersion "1"]
[SourceVersionDate "2012.08.24"]
[SourceQuality "1"]

1. f4 c6 2. e4 e5 3. d3 d6 4. Nf3 Qc7 5. h3 Nf6 6. g4 Be7 7. f5 d5 8. Qe2 Nfd7 9. g5 Na6 10. c3 Bd6 11. h4 Nac5 12. Qc2 a5 13. Be3 a4 14. Nbd2 b5 15. Rg1 g6 16. fxg6 hxg6 17. exd5 cxd5 18. d4 exd4 19. cxd4 Ne6 20. Qxc7 Nxc7 21. Rc1 Kd8 22. Kf2 Nb8 23. Bd3 b4 24. b3 Ba6 25. Bxa6 Rxa6 26. Rc2 Kd7 27. bxa4 Ne6 28. Nb3 Rxa4 29. Rgc1 Ra6 30. Kg2 Nc6 31. Kh3 Rha8 32. Kg4 Ne7 33. Nc5+ Nxc5 34. dxc5 Bc7 35. Nd4 Rxa2 36. c6+ Kc8 37. Bf4 b3 38. Nxb3 Rxc2 39. Rxc2 Ra4 40. Rf2 Nxc6 41. Nc5 Ne5+ 42. Kg3 Ra3+ 43. Kg2 Ng4 44. Rc2 Bxf4 45. Ne6+ Kd7 46. Nxf4 Ne3+ 0-1

[Event "WCGD 1st"]
[Site "Dresden"]
[Date "2011.10.28"]
[Round "5"]
[White "Strekalovski, Viktor"]
[Black "Botalova, Yulia"]
[Result "1-0"]
[WhiteElo "2132"]
[BlackElo "1969"]
[PlyCount "59"]
[EventDate "2011.10.25"]
[EventType "swiss"]
[EventRounds "7"]
[EventCountry "GER"]
[SourceTitle "EXT 2012"]
[Source "ChessBase"]
[SourceDate "2011.11.24"]
[SourceVersion "1"]
[SourceVersionDate "2011.11.24"]
[SourceQuality "1"]

1. e4 e6 2. Nf3 d5 3. e5 c5 4. b4 cxb4 5. a3 Nc6 6. axb4 Bxb4 7. c3 Be7 8. d4 f6 9. Bd3 Qc7 10. Bf4 f5 11. g4 fxg4 12. Nfd2 h5 13. Bg6+ Kd8 14. h3 gxh3 15. Rxh3 h4 16. Na3 a6 17. Nb5 Qb6 18. Nd6 Bxd6 19. exd6 e5 20. Bg5+ Nf6 21. Rxh4 Rxh4 22. Bxh4 exd4 23. Qh5 Kd7 24. Qh8 Kxd6 25. Qxg7 Nd7 26. Bg3+ Nce5 27. Nf3 Qb2 28. Bxe5+ Nxe5 29. Qxe5+ Kc6 30. Nxd4+ 1-0

[Event "WCGD 1st"]
[Site "Dresden"]
[Date "2011.10.27"]
[Round "4"]
[White "Gruender, Michael"]
[Black "Strekalovski, Viktor"]
[Result "1/2-1/2"]
[WhiteElo "1999"]
[BlackElo "2132"]
[PlyCount "91"]
[EventDate "2011.10.25"]
[EventType "swiss"]
[EventRounds "7"]
[EventCountry "GER"]
[SourceTitle "EXT 2012"]
[Source "ChessBase"]
[SourceDate "2011.11.24"]
[SourceVersion "1"]
[SourceVersionDate "2011.11.24"]
[SourceQuality "1"]

1. Nf3 c6 2. c4 Qc7 3. Nc3 d6 4. g3 e5 5. Bg2 Be7 6. d4 Bg4 7. h3 Bh5 8. Be3 Nd7 9. Qa4 Ngf6 10. g4 Bg6 11. Nh4 0-0 12. Nxg6 hxg6 13. Qc2 Rfe8 14. Rc1 Bf8 15. d5 Rac8 16. Qb1 a5 17. a3 Nb6 18. b3 Ra8 19. 0-0 c5 20. Nb5 Qd7 21. Rfd1 Nh7 22. b4 axb4 23. axb4 Nxc4 24. bxc5 Nxe3 25. c6 Qe7 26. fxe3 b6 27. c7 Rec8 28. Rc6 Qg5 29. Qb3 Nf6 30. Rdc1 Nd7 31. Kh1 Nc5 32. Qc2 Qxe3 33. Rxb6 Be7 34. Rc6 Ra2 35. Qxa2 Qxc1+ 36. Kh2 Qf4+ 37. Kh1 Ne4 38. Bxe4 Qxe4+ 39. Kh2 Qf4+ 40. Kg2 Bh4 41. e3 Qg3+ 42. Kf1 Qxh3+ 43. Qg2 Qxe3 44. Qe2 Qf4+ 45. Kg2 Qg3+ 46. Kf1 1/2-1/2

[Event "IPCA Wch-A 11th"]
[Site "Piestany"]
[Date "2011.07.05"]
[Round "4"]
[White "Tillmann, Marc"]
[Black "Strekalovski, Viktor"]
[Result "0-1"]
[WhiteElo "1954"]
[BlackElo "2113"]
[PlyCount "97"]
[EventDate "2011.07.02"]
[EventType "swiss"]
[EventRounds "9"]
[EventCountry "SVK"]
[SourceTitle "EXT 2012"]
[Source "ChessBase"]
[SourceDate "2011.11.24"]
[SourceVersion "1"]
[SourceVersionDate "2011.11.24"]
[SourceQuality "1"]

1. d4 c6 2. c4 Qc7 3. Nc3 d6 4. h3 e5 5. Nf3 Nf6 6. e4 Be7 7. Be2 0-0 8. 0-0 Re8 9. a3 Nbd7 10. b4 a6 11. Be3 Nf8 12. Re1 h6 13. Qc2 Ng6 14. d5 Bd7 15. Rac1 Rac8 16. c5 Bf8 17. Nd2 Nf4 18. Bf1 cxd5 19. Bxf4 exf4 20. Nxd5 Nxd5 21. exd5 Rxe1 22. Rxe1 dxc5 23. Rc1 Qd8 24. Qe4 Qf6 25. Bd3 g6 26. bxc5 Bxc5 27. Nb3 Re8 28. Qf3 Bxa3 29. Rc7 Bc8 30. Rc4 Bd6 31. Nd2 Re1+ 32. Kh2 Bd7 33. Ne4 Qa1 34. g3 fxg3+ 35. fxg3 Be5 36. d6 Bc6 37. Rxc6 bxc6 38. Bc4 Qb2+ 39. Nf2 Qb7 40. Nd3 Ra1 41. Nxe5 Qb2+ 42. Qg2 Qxe5 43. Qf2 Qf5 44. Qe2 Rc1 45. Bd3 Qc5 46. h4 Qxd6 47. Bxa6 Rc3 48. Qf2 c5 49. Qe2 0-1

[Event "Pardubice op U18"]
[Site "Pardubice"]
[Date "2009.07.19"]
[Round "3"]
[White "Strekalovski, Viktor"]
[Black "Faibisovich, Vadim Z"]
[Result "0-1"]
[WhiteElo "2147"]
[BlackElo "2429"]
[PlyCount "92"]
[EventDate "2009.07.17"]
[EventType "swiss"]
[EventRounds "7"]
[EventCountry "CZE"]
[SourceTitle "CBM 131 Extra"]
[Source "ChessBase"]
[SourceDate "2009.09.03"]
[SourceVersion "2"]
[SourceVersionDate "2009.09.16"]
[SourceQuality "1"]

1. e4 c5 2. Nf3 Nc6 3. Bb5 g6 4. h4 Nf6 5. e5 Ng4 6. e6 dxe6 7. Bxc6+ bxc6 8. Qe2 h5 9. Ne5 Nxe5 10. Qxe5 Qd4 11. Qc7 Qd6 12. Qa5 Bg7 13. Nc3 Qe5+ 14. Kf1 0-0 15. d3 c4 16. Qxe5 Bxe5 17. Ke2 cxd3+ 18. cxd3 Rb8 19. Kd1 Bd4 20. f4 Ba6 21. Kc2 Rfd8 22. Rh3 Rd7 23. Bd2 Rbd8 24. Rd1 e5 25. f5 gxf5 26. Rg3+ Kh7 27. Rg5 Bxc3 28. Rxh5+ Kg6 29. Rg5+ Kf6 30. Bxc3 Bxd3+ 31. Kc1 Be2 32. Rxd7 Rxd7 33. Rg8 Ke6 34. Rc8 Kd5 35. Kd2 Bg4 36. Ba5 f4 37. Rd8 Rxd8 38. Bxd8 e6 39. Bc7 Ke4 40. b4 Kf5 41. Bb8 a6 42. a4 e4 43. Kc3 e3 44. Ba7 Ke4 45. Kc4 f5 46. Bb6 e5 0-1

[Event "Calvia U2300 opB"]
[Site "Mallorca"]
[Date "2004.10.23"]
[Round "3"]
[White "Gonzalez Valero, Julio"]
[Black "Strekalovski, Viktor"]
[Result "1-0"]
[WhiteElo "2264"]
[BlackElo "2175"]
[PlyCount "91"]
[EventDate "2004.10.22"]
[EventType "swiss"]
[EventRounds "9"]
[EventCountry "ESP"]
[SourceTitle "EXT 2005"]
[Source "ChessBase"]
[SourceDate "2004.11.15"]
[SourceVersion "1"]
[SourceVersionDate "2004.11.15"]
[SourceQuality "1"]

1. c4 c6 2. Nf3 d6 3. d4 Qc7 4. e4 e5 5. Be2 Bg4 6. 0-0 Be7 7. Nc3 Nd7 8. Be3 Ngf6 9. h3 Bxf3 10. Bxf3 0-0 11. g3 Rfe8 12. Bg2 a6 13. f4 b5 14. c5 Qa7 15. cxd6 Bxd6 16. fxe5 Nxe5 17. Bf2 Qe7 18. dxe5 Bxe5 19. Qf3 Qb4 20. Rab1 Re6 21. a3 Qe7 22. Rbd1 Re8 23. Rd2 a5 24. Rfd1 h6 25. h4 h5 26. Bh3 Bxc3 27. bxc3 Rxe4 28. Bd7 Rd8 29. Bxc6 Rxd2 30. Rxd2 Re1+ 31. Kg2 Ra1 32. Bxb5 Qe5 33. Rd8+ Kh7 34. Bd3+ g6 35. Bc4 Rc1 36. Rf8 Rxc3 37. Rxf7+ Kh6 38. Qxf6 Qxf6 39. Rxf6 Rxc4 40. Ra6 Kg7 41. Rxa5 Kf6 42. Ra8 Ke5 43. a4 g5 44. hxg5 Rg4 45. a5 Kd6 46. a6 1-0